000 00882cam a2200277 a 4500
001 4213907
003 ARRUPE
005 20160920121335.0
008 820715s1981 enk b 001 0 eng
010 _a 81168163
015 _aGB***
020 _a0859693422 (pbk.) :
_c£4.95
040 _aDLC
_cDLC
_dDLC
_dOCoLC
_dDLC
050 0 0 _aHN31
_b.L42 1981
082 0 0 _a261.8/3
_219
100 1 _aLeech, Kenneth,
_d1939-2015.
_925982
245 1 4 _aThe social god /
_cKenneth Leech.
260 _aLondon :
_bSheldon,
_c1981.
300 _aviii, 167 p. ;
_c22 cm.
504 _aIncludes bibliographical references and index.
610 2 0 _aCatholic Church
_xDoctrines.
_925983
650 0 _aChurch and social problems
_xCatholic Church.
_925984
650 0 _aSpiritual life
_xCatholic Church.
_925985
906 _a7
_bcbc
_corignew
_d3
_encip
_f19
_gy-gencatlg
942 _2lcc
_cMONOGRAPH
999 _c125290
_d125290